[Event "Barcelona La Lira-B 12th"]
[Site "Barcelona"]
[Date "2009.07.26"]
[Round "9"]
[White "Martinez Diaz, Francisco Javier"]
[Black "Escofet Llongueras, Joan"]
[Result "1-0"]
[WhiteElo "1945"]
[BlackElo "1889"]
[PlyCount "29"]
[EventDate "2009.07.18"]
[EventType "tourn"]
[EventRounds "9"]
[EventCountry "ESP"]
[SourceTitle "EXT 2011"]
[Source "ChessBase"]
[SourceDate "2010.11.26"]
[SourceVersion "1"]
[SourceVersionDate "2010.11.26"]
[SourceQuality "1"]

1. d4 Nf6 2. c4 c5 3. d5 b5 4. g3 bxc4 5. Bg2 d6 6. Nc3 g6 7. Qa4+ Nbd7 8. Qc6 Rb8 9. Nb5 Qb6 10. Qxb6 axb6 11. Nc7+ Kd8 12. Nb5 Bg7 13. Nf3 Ra8 14. Ng5 Re8 15. Nxf7# 1-0